00925nam a22002537a 450000500170000001000150001702000260003203500140005803700130007208200150008510000260010024500640012625000100019026000400020027000590024030000270029950000510032670000460037770000360042370000340045994200290049399900190052295201300054120231130144544.0 aENG-138495 a9789393330543c575.00 aEN-122027 aDBAD/PUB a5742First aJha, Abhimanyu959261 aBiology Foundation For Class X/cBy Abhimanyu Jha...[et.al] aFIrst aHyderabadbUniversities Pressc2015 a3-6-747/1/A & 3-6-754/1 HimayatnagarbHyderbade500029 avpp. b26cm(pbk)cill. a Includes bibliographical references and index dVelramar, Balasubramanian aAuthor959258 dAwasthi, ArchanaaAuthor959259 dGupta, SaurabhaAuthor959260 2ddccENmJHAh574eFirst c199337d199337 001040708NFICaVPbVPd2023-11-30eDBAD/PUBg575.00l0oJHA 574pEN-122027r2023-11-30 00:00:00t1v575.00w2023-11-30yEN